[Event "Maastricht Limburg op-C 6th"]
[Site "Maastricht"]
[Date "2012.05.25"]
[Round "1"]
[White "Liu, Julian"]
[Black "Nissel, Andreas"]
[Result "0-1"]
[WhiteElo "1414"]
[BlackElo "1698"]
[PlyCount "88"]
[EventDate "2012.05.25"]
[EventType "swiss"]
[EventRounds "7"]
[EventCountry "NED"]
[SourceTitle "EXT 2013"]
[Source "ChessBase"]
[SourceDate "2012.11.22"]
[SourceVersion "1"]
[SourceVersionDate "2012.11.22"]
[SourceQuality "1"]

1. e4 e6 2. d4 d5 3. Nc3 Nf6 4. e5 Nfd7 5. Nce2 c5 6. c3 Nc6 7. Nf3 Qb6 8. Rb1 Be7 9. Be3 cxd4 10. cxd4 f6 11. exf6 Nxf6 12. b3 Bb4+ 13. Bd2 Ne4 14. Bxb4 Qxb4+ 15. Nd2 Nxd4 16. Nxd4 Qxd4 17. Bb5+ Ke7 18. Qe2 Nc3 19. Nf3 Nxe2 20. Nxd4 Nxd4 21. Bd3 Bd7 22. 0-0 Bb5 23. Rbd1 Bxd3 24. Rxd3 Nc6 25. Re1 Rad8 26. f4 Rhf8 27. Rg3 g6 28. Rh3 h5 29. Rg3 Rf6 30. Rge3 d4 31. Re4 d3 32. g3 d2 33. Rd1 Nd4 34. Kf2 Nf5 35. Re2 Rff8 36. Rexd2 Rxd2+ 37. Rxd2 Nd6 38. Kf3 Rc8 39. Rd3 Rc2 40. a4 Rxh2 41. Rc3 Kd7 42. Rc5 Nf5 43. Rb5 b6 44. Rb4 Rh3 0-1

[Event "Cologne Longerich op 7th"]
[Site "Cologne"]
[Date "2010.08.01"]
[Round "5"]
[White "Havenith, Julia"]
[Black "Liu, Julian"]
[Result "1-0"]
[WhiteElo "1082"]
[BlackElo "961"]
[PlyCount "105"]
[EventDate "2010.07.30"]
[EventType "swiss"]
[EventRounds "5"]
[EventCountry "GER"]
[SourceTitle "EXT 2011"]
[Source "ChessBase"]
[SourceDate "2010.11.26"]
[SourceVersion "1"]
[SourceVersionDate "2010.11.26"]
[SourceQuality "1"]

1. e4 e5 2. Nf3 Nc6 3. Bb5 a6 4. Ba4 b5 5. Bb3 d6 6. h3 Be6 7. 0-0 d5 8. Nc3 Nf6 9. Re1 d4 10. Nb1 Bc5 11. d3 h6 12. Bxe6 fxe6 13. b3 Bb4 14. Bd2 Bxd2 15. Nbxd2 0-0 16. Nf1 Nh5 17. Nxe5 Nxe5 18. Qxh5 Qf6 19. Re2 Qf4 20. Rae1 g6 21. g3 gxh5 22. gxf4 Nf3+ 23. Kg2 Nxe1+ 24. Rxe1 Rxf4 25. Ng3 Raf8 26. Rf1 Rh4 27. Rc1 Kg7 28. c3 c5 29. cxd4 cxd4 30. Rc6 Rhf4 31. Nxh5+ Kg8 32. Nxf4 Rxf4 33. Rxe6 Rf8 34. Rxh6 Ra8 35. f4 a5 36. Rb6 Kf7 37. Kg3 Rg8+ 38. Kf3 Rh8 39. Kg2 Rg8+ 40. Kh2 Rg4 41. hxg4 Ke7 42. Rxb5 Kd7 43. Rxa5 Kc6 44. g5 Kd6 45. Rf5 Ke6 46. g6 Ke7 47. g7 Kd7 48. g8Q Ke7 49. Qf7+ Kd6 50. Qg6+ Ke7 51. Rf7+ Ke8 52. Qg7 Kd8 53. Qf8# 1-0